000 00818nam a2200133Ia 4500
008 100328s9999 xx 000 0 und d
082 _b74837
100 _aचांदोरकर नीला-अनु.(मूळ लेखक-अलेक्झांडर मॅक्काल स्मिथ).
245 _aद नंबर वन लेडिज डिटेक्टिव्ह एजन्सी(The No.1 Ladies Detective Agency).
260 _bमेहता पब्लिशिंग हाऊस.
630 _aद नंबर वन लेडिज डिटेक्टिव्ह एजन्सी(The No.1 Ladies Detective Agency).
730 _aद नंबर वन लेडिज डिटेक्टिव्ह एजन्सी(The No.1 Ladies Detective Agency).
942 _cBOOK
999 _c560558
_d560555